01073nam a2200193Ia 4500001001000000003001000010008004100020040002500061041001300086100001800099245002700117250001100144260006600155300002800221500024100249501011400490520024100604650003400845L235-7311IT-CnALBA170116s9999||||xx |||||||||||||| ||und|| aIT-CnALBAcIT-CnALBA aITALIANO aPATSCH JOSEPH 0aLA MADRE DEL SIGNORE.  a1a ed. aCINISELLO BALSAMO (MI)bEDIZIONI PAOLINEc1955 [1° Ed.:1955] a262 p. (prefazione: 79) aTRADUZIONE DAL TEDESCO DI MARIO JANUALE. FONTI: VANGELI APOCRIFI. GIOVINEZZA DI MARIA. MADRE. A NAZARETH. VITA PUBBLICA. PASSIONE DI GESÙ. RISURREZIONE E ASCENSIONE AL CIELO. MARIA NELLA CHIESA. MORTE E ASSUNZIONE CORPORALE DI MARIA.  aSocietà San Paolo EM - Piazza San Paolo, 14 - 12051 ALBA (CN) (non commercial uses only) ® Copyright 2017 aTRADUZIONE DAL TEDESCO DI MARIO JANUALE. FONTI: VANGELI APOCRIFI. GIOVINEZZA DI MARIA. MADRE. A NAZARETH. VITA PUBBLICA. PASSIONE DI GESÙ. RISURREZIONE E ASCENSIONE AL CIELO. MARIA NELLA CHIESA. MORTE E ASSUNZIONE CORPORALE DI MARIA.  aMARIA SS. ANGELI SANTI DEMONI